[Event "Berlin Spring op-A"]
[Site "Berlin"]
[Date "2014.05.02"]
[Round "3"]
[White "Lichey, Dustin"]
[Black "Waechter, Nathalie"]
[Result "1-0"]
[WhiteElo "1976"]
[BlackElo "1749"]
[PlyCount "137"]
[EventDate "2014.05.01"]
[EventType "swiss"]
[EventRounds "7"]
[EventCountry "GER"]
[SourceTitle "CBM 160 Extra"]
[Source "ChessBase"]
[SourceDate "2014.07.01"]
[SourceVersion "1"]
[SourceVersionDate "2014.07.01"]
[SourceQuality "1"]

1. e4 d5 2. exd5 Nf6 3. d4 Nxd5 4. Be2 Nc6 5. h3 Bf5 6. a3 e6 7. Nf3 Be7 8. 0-0 0-0 9. c4 Nb6 10. Nc3 Bf6 11. Be3 Qd7 12. c5 Nd5 13. Bc4 Rad8 14. Nxd5 exd5 15. Bd3 Rfe8 16. Bxf5 Qxf5 17. b4 a6 18. Qa4 Na7 19. Qa5 Rd7 20. b5 Nxb5 21. c6 Rd6 22. cxb7 Rb6 23. Rfc1 Qe6 24. Rab1 Qe4 25. Rb4 Rxb7 26. Qxa6 Rb6 27. Qa5 Qd3 28. Rxc7 Qd1+ 29. Kh2 Nxc7 30. Rxb6 Bd8 31. Rb7 Qc2 32. Bf4 Qc6 33. Rxc7 Bxc7 34. Qxc7 Qa4 35. Ne5 Rf8 36. Qc5 Qb3 37. Nc6 h6 38. Ne7+ Kh7 39. Nxd5 Ra8 40. Bd6 Ra4 41. Ne7 Qe6 42. Qc2+ g6 43. Qc5 Rc4 44. Qb6 Rc2 45. Qb8 f6 46. d5 Qf7 47. Kg3 h5 48. h4 Rc3+ 49. f3 g5 50. Qb1+ Kg7 51. Qf5 g4 52. Bb4 Re3 53. d6 gxf3 54. gxf3 Re5 55. Qf4 Qe6 56. Bc3 Rc5 57. Qd4 Rxc3 58. Nf5+ Qxf5 59. Qxc3 Qb1 60. Qd4 Qe1+ 61. Kg2 Qe2+ 62. Qf2 Qe8 63. Qd2 Qd7 64. a4 Kg8 65. a5 Qg7+ 66. Kh2 Qd7 67. a6 Kf7 68. Qd5+ Kf8 69. Qa8+ 1-0

[Event "Berlin Spring op-A"]
[Site "Berlin"]
[Date "2014.05.01"]
[Round "2"]
[White "Hoensel, Marvin"]
[Black "Lichey, Dustin"]
[Result "1/2-1/2"]
[WhiteElo "1839"]
[BlackElo "1976"]
[PlyCount "82"]
[EventDate "2014.05.01"]
[EventType "swiss"]
[EventRounds "7"]
[EventCountry "GER"]
[SourceTitle "CBM 160 Extra"]
[Source "ChessBase"]
[SourceDate "2014.07.01"]
[SourceVersion "1"]
[SourceVersionDate "2014.07.01"]
[SourceQuality "1"]

1. d4 Nf6 2. c4 e6 3. Nc3 c5 4. Nf3 cxd4 5. Nxd4 a6 6. g3 Qc7 7. e3 h5 8. h4 d6 9. b3 d5 10. Bd2 dxc4 11. Bxc4 Bd6 12. Qf3 Nbd7 13. Qg2 Ne5 14. Be2 Ba3 15. Ne4 Neg4 16. 0-0 0-0 17. Bc1 Be7 18. Bb2 e5 19. Rac1 Qa5 20. Bc3 Qb6 21. Nxf6+ Qxf6 22. Nc2 Bc5 23. Bf3 Rb8 24. Bb4 Qb6 25. a3 a5 26. Bxc5 Qxc5 27. b4 Qb5 28. Rfd1 Nf6 29. Rd2 Bg4 30. Bxg4 hxg4 31. Qf1 Qxf1+ 32. Kxf1 Rfc8 33. Rdd1 Rc3 34. Ne1 Rxa3 35. bxa5 Rxa5 36. Rb1 Kf8 37. Rb4 Rc5 38. Rdb1 b5 39. Nd3 Rd5 40. Nb2 Rbd8 41. Ke1 Ke7 1/2-1/2

[Event "Berlin Lichtenberger op 7th"]
[Site "Berlin"]
[Date "2008.08.22"]
[Round "7"]
[White "Lichey, Dustin"]
[Black "Bergmann, Jens"]
[Result "1-0"]
[WhiteElo "1861"]
[BlackElo "1625"]
[PlyCount "111"]
[EventDate "2008.08.16"]
[EventType "swiss"]
[EventRounds "9"]
[EventCountry "GER"]
[SourceTitle "CBM 126 Extra"]
[Source "ChessBase"]
[SourceDate "2008.11.05"]
[SourceVersion "1"]
[SourceVersionDate "2008.11.05"]
[SourceQuality "1"]

1. d4 Nf6 2. g3 g6 3. Bg2 d5 4. Nf3 Bg7 5. 0-0 0-0 6. b3 Bd7 7. Bb2 Qc8 8. Re1 Na6 9. c4 dxc4 10. bxc4 c5 11. d5 Bf5 12. Nbd2 Bh3 13. e4 Bxg2 14. Kxg2 Nb4 15. Nb3 Rd8 16. Qe2 b6 17. a3 Na6 18. e5 Nh5 19. Nbd2 Qg4 20. Qe4 Qxe4 21. Rxe4 Bh8 22. Rae1 Nc7 23. g4 Ng7 24. a4 Nge8 25. Rf4 Na6 26. Ne4 Nb4 27. Rd1 h6 28. g5 e6 29. d6 h5 30. Nf6+ Kf8 31. Re4 Ng7 32. Nh7+ Kg8 33. Nf6+ Kf8 34. Nh4 a6 35. Nh7+ Kg8 36. Nf6+ Kf8 37. Re2 Ra7 38. Bc3 Nc6 39. Rb2 Rb7 40. Rdb1 Rdb8 41. Rxb6 Rxb6 42. Rxb6 Rxb6 43. Nd7+ Ke8 44. Nxb6 Kd8 45. f4 Ne8 46. Bd2 Nxe5 47. fxe5 Bxe5 48. d7 Ng7 49. Nf3 Bc7 50. Bc3 Bxb6 51. Bxg7 Kxd7 52. Ne5+ Ke8 53. Bf6 Ba5 54. Kf3 Bc3 55. Ke4 a5 56. Kd3 1-0

[Event "Berlin Lichtenberger op 7th"]
[Site "Berlin"]
[Date "2008.08.17"]
[Round "2"]
[White "Pueschel, Werner"]
[Black "Lichey, Dustin"]
[Result "1-0"]
[WhiteElo "2189"]
[BlackElo "1861"]
[PlyCount "115"]
[EventDate "2008.08.16"]
[EventType "swiss"]
[EventRounds "9"]
[EventCountry "GER"]
[SourceTitle "CBM 126 Extra"]
[Source "ChessBase"]
[SourceDate "2008.11.05"]
[SourceVersion "1"]
[SourceVersionDate "2008.11.05"]
[SourceQuality "1"]

1. a3 e5 2. d4 exd4 3. Qxd4 Nc6 4. Qd3 d5 5. Nf3 Nf6 6. Bf4 Bd6 7. Bxd6 Qxd6 8. Nc3 0-0 9. e3 Ne5 10. Nxe5 Qxe5 11. 0-0-0 Be6 12. f4 Qh5 13. h3 c6 14. Be2 Qg6 15. g4 Qxd3 16. Bxd3 b5 17. g5 Nh5 18. Rhg1 d4 19. f5 dxc3 20. fxe6 cxb2+ 21. Kxb2 fxe6 22. Be4 b4 23. axb4 Rab8 24. Kc3 Rfc8 25. Kc4 g6 26. Rd7 a5 27. bxa5 Rb5 28. a6 Ra5 29. a7 Ra8 30. Bxc6 R8xa7 31. Rxa7 Rxa7 32. Kd4 Ng7 33. e4 Ra2 34. Kd3 Ra3+ 35. c3 Ra6 36. Bb5 Rd6+ 37. Ke3 Rb6 38. c4 e5 39. Rd1 Ne6 40. h4 Nd4 41. Kf2 Kf8 42. Ra1 Nxb5 43. Rb1 Ke7 44. cxb5 Kd6 45. Rd1+ Kc7 46. Rd5 Re6 47. Ke3 Kb6 48. Kd3 Re7 49. Kc4 Rc7+ 50. Kb4 Re7 51. Rd6+ Kb7 52. Kc4 Rc7+ 53. Kd5 Re7 54. Re6 Rc7 55. b6 Rc2 56. Kxe5 Rh2 57. Re7+ Kxb6 58. Rxh7 1-0

[Event "GER-chT U12"]
[Site "Verden"]
[Date "2000.12.30"]
[Round "2.1"]
[White "Heidfeld, Jan"]
[Black "Lichey, Dustin"]
[Result "0-1"]
[WhiteElo "1013"]
[BlackElo "944"]
[PlyCount "108"]
[EventDate "2000.12.26"]
[EventType "team"]
[EventRounds "7"]
[EventCountry "GER"]
[SourceTitle "EXT 2008"]
[Source "ChessBase"]
[SourceDate "2007.11.25"]
[SourceVersion "1"]
[SourceVersionDate "2007.11.25"]
[SourceQuality "1"]
[WhiteTeam "Rossdorf U12"]
[BlackTeam "Sachsen Anhalt U12"]
[WhiteTeamCountry "GER"]
[BlackTeamCountry "GER"]

1. d4 d5 2. Nc3 Nc6 3. Nf3 Nf6 4. e3 Bf5 5. Bd3 Ne4 6. Bxe4 dxe4 7. Nd2 e5 8. Ndxe4 exd4 9. exd4 Nxd4 10. Be3 Nc6 11. Qe2 Bd6 12. 0-0 0-0 13. Nxd6 cxd6 14. Rfc1 Re8 15. Qf3 Be6 16. a3 Ne5 17. Qxb7 Ng4 18. Qf3 Qc7 19. h3 Ne5 20. Qg3 a6 21. Bh6 f5 22. Bf4 Rab8 23. b3 Rbd8 24. Bxe5 dxe5 25. Re1 f4 26. Qf3 Bf5 27. Rac1 Rd2 28. Nd5 Qa5 29. Nxf4 Rxc2 30. Rcd1 e4 31. Qh5 g6 32. Qg5 Qb6 33. Re2 Rxe2 34. Nxe2 Qxb3 35. Rd8 Qf7 36. Nf4 Rxd8 37. Qxd8+ Qf8 38. Qd5+ Kg7 39. g4 Qxa3 40. gxf5 Qc1+ 41. Kg2 Qxf4 42. Qd7+ Kh6 43. fxg6 Qf3+ 44. Kf1 hxg6 45. Qd2+ Kh5 46. Qd5+ g5 47. Qd7 Qd3+ 48. Qxd3 exd3 49. Ke1 Kh4 50. Kd2 a5 51. Kxd3 Kxh3 52. Kc4 g4 53. Kb5 Kg2 54. f4 gxf3 0-1

[Event "GER-chT U12"]
[Site "Verden"]
[Date "2000.12.30"]
[Round "1.1"]
[White "Lichey, Dustin"]
[Black "Behm, Simon"]
[Result "0-1"]
[WhiteElo "944"]
[BlackElo "1648"]
[PlyCount "62"]
[EventDate "2000.12.26"]
[EventType "team"]
[EventRounds "7"]
[EventCountry "GER"]
[SourceTitle "EXT 2008"]
[Source "ChessBase"]
[SourceDate "2007.11.25"]
[SourceVersion "1"]
[SourceVersionDate "2007.11.25"]
[SourceQuality "1"]
[WhiteTeam "Sachsen Anhalt U12"]
[BlackTeam "Wolfbusch U12"]
[WhiteTeamCountry "GER"]
[BlackTeamCountry "GER"]

1. e4 c5 2. Nf3 e6 3. d4 cxd4 4. Nxd4 a6 5. Be3 Nf6 6. Nc3 Qc7 7. Be2 Bb4 8. Qd3 Nxe4 9. Bd2 Nxd2 10. Qxd2 b5 11. 0-0 0-0 12. Qe3 Bb7 13. Ne4 Nc6 14. Bd3 Ba5 15. Nb3 Bb6 16. Qh3 h6 17. Nf6+ Kh8 18. Nh7 Rad8 19. Nf6 Qf4 20. Ng4 Nb4 21. Nc1 Rc8 22. Ne2 Qg5 23. Rfc1 Rc7 24. a3 Nxd3 25. cxd3 Rfc8 26. Rc3 Qd2 27. Rxc7 Rxc7 28. Rf1 Qxe2 29. Nxh6 Bxf2+ 30. Rxf2 Rc1+ 31. Rf1 Rxf1# 0-1

[Event "GER-chT U12"]
[Site "Verden"]
[Date "2000.12.30"]
[Round "7.1"]
[White "Pilat, Daniel"]
[Black "Lichey, Dustin"]
[Result "1/2-1/2"]
[WhiteElo "890"]
[BlackElo "944"]
[PlyCount "75"]
[EventDate "2000.12.26"]
[EventType "team"]
[EventRounds "7"]
[EventCountry "GER"]
[SourceTitle "EXT 2008"]
[Source "ChessBase"]
[SourceDate "2007.11.25"]
[SourceVersion "1"]
[SourceVersionDate "2007.11.25"]
[SourceQuality "1"]
[WhiteTeam "Moenchengladbach U12"]
[BlackTeam "Sachsen Anhalt U12"]
[WhiteTeamCountry "GER"]
[BlackTeamCountry "GER"]

1. b3 e5 2. Bb2 d5 3. Bxe5 Nc6 4. Bb2 Nf6 5. Nf3 Bd6 6. e3 0-0 7. Be2 Re8 8. 0-0 Bf5 9. d3 a6 10. Nbd2 Ng4 11. h3 Nge5 12. Rc1 b5 13. e4 dxe4 14. dxe4 Be6 15. Nxe5 Nxe5 16. f4 Nc6 17. e5 Bc5+ 18. Kh1 Be3 19. Bf3 Bd5 20. Rb1 Ne7 21. Re1 Bxf4 22. Nf1 Bxf3 23. Qxf3 Ng6 24. Rbd1 Qc8 25. h4 Bxe5 26. Bxe5 Nxe5 27. Qg3 Nc6 28. h5 h6 29. Nh2 Qb7 30. Ng4 Kh8 31. Rf1 Re7 32. Qc3 Kh7 33. Qd3+ Kh8 34. Qd2 Re4 35. Rf4 Rae8 36. Qf2 Re2 37. Qg3 R8e7 38. Rdf1 1/2-1/2

[Event "GER-chT U12"]
[Site "Verden"]
[Date "2000.12.30"]
[Round "5.1"]
[White "Rathke, Jens"]
[Black "Lichey, Dustin"]
[Result "1/2-1/2"]
[WhiteElo "1300"]
[BlackElo "944"]
[PlyCount "65"]
[EventDate "2000.12.26"]
[EventType "team"]
[EventRounds "7"]
[EventCountry "GER"]
[SourceTitle "EXT 2008"]
[Source "ChessBase"]
[SourceDate "2007.11.25"]
[SourceVersion "1"]
[SourceVersionDate "2007.11.25"]
[SourceQuality "1"]
[WhiteTeam "Berghofen U12"]
[BlackTeam "Sachsen Anhalt U12"]
[WhiteTeamCountry "GER"]
[BlackTeamCountry "GER"]

1. d4 d5 2. c4 e6 3. Nc3 Nf6 4. Bg5 Nbd7 5. Nf3 c6 6. e3 Qa5 7. Bxf6 Nxf6 8. Bd3 dxc4 9. Bxc4 Ne4 10. Qb3 Bb4 11. Rc1 0-0 12. 0-0 Nxc3 13. bxc3 Ba3 14. Rb1 b5 15. Bd3 Re8 16. Qc2 h6 17. c4 bxc4 18. Qxc4 Qc7 19. Rb3 Bd6 20. e4 e5 21. Rbb1 exd4 22. Qxd4 c5 23. Qc3 Bg4 24. Bc4 Rad8 25. Bd5 Rd7 26. Rb7 Qc8 27. Rfb1 Rxb7 28. Rxb7 Re7 29. Rxe7 Bxe7 30. e5 Qd7 31. Bb3 Be6 32. h3 Kh8 33. Qd2 1/2-1/2